Keeping the land alive soil erosion : its causes and cures

Bibliographic Details
Main Author: KELLEY
Corporate Author: Food and Agriculture Organization of the United Nations (FAO)
Format: Book
Published: Rome : Food and Agriculture Organization of the United Nations , 1983
Series:FAO soils bulletin ; 50
Subjects:

MARC

LEADER 00000cam a2200000 7i4500
001 0000002823
005 20040119.0
020 0 0 |a 925101342X 
090 0 0 |a FAO631.45   |b KEL 1983 
100 1 0 |a KELLEY   |h Hubert W. 
245 1 0 |a Keeping the land alive soil erosion :   |b its causes and cures   |c by Hubert W. Kelley 
260 0 0 |a Rome :   |b Food and Agriculture Organization of the United Nations ,   |c 1983 
300 |a viii, 79 p. :   |b ill. ;   |c 30 cm. 
440 0 0 |a FAO soils bulletin ; 50 
500 0 0 |a Bibliography : p.75-78 
650 0 0 |a Soil erosion 
650 0 0 |a Soil management 
710 1 1 |a Food and Agriculture Organization of the United Nations (FAO) 
998 |a JPSM 
999 |a 0000004471   |b Monograph   |c Food and Agriculture Organization   |e Default branch